Southville International School and Colleges
Your cart is empty.
  • Cart
  • Lists
    Public lists Eva Luna New books Lux_list list_1
    Your lists Log in to create your own lists
  • Log in to your account
  • Your cookies
  • Search history
Southville International School and Colleges
  • Advanced search
  • Recent comments
  • Most popular
  • Libraries

Log in to your account

Log in with GOOGLE


If you do not have an external account, but do have a local account, you can still log in:

  1. Home
  2. MARC view: Heidi /
Normal view MARC view ISBD view

Heidi / (Record no. 103535)

[ view plain ]
MARC details
000 -LEADER
fixed length control field 00537nam a2200193 a 4500
005 - DATE AND TIME OF LATEST TRANSACTION
control field 20140412111303.0
008 - FIXED-LENGTH DATA ELEMENTS--GENERAL INFORMATION
fixed length control field 001118s19uu xx 00 eng d
020 ## - INTERNATIONAL STANDARD BOOK NUMBER
International Standard Book Number 0-88301-752-0
050 ## - LIBRARY OF CONGRESS CALL NUMBER
Classification number ER
Item number He34 1984
100 ## - MAIN ENTRY--PERSONAL NAME
Personal name Spyri, Johanna
245 ## - TITLE STATEMENT
Title Heidi /
Statement of responsibility, etc Johanna Spyri.
260 ## - PUBLICATION, DISTRIBUTION, ETC. (IMPRINT)
Place of publication, distribution, etc [s.l.l] :
Name of publisher, distributor, etc Academic Ind., Inc,
Date of publication, distribution, etc 1984.
300 ## - PHYSICAL DESCRIPTION
Extent 61 p.
650 ## - SUBJECT ADDED ENTRY--TOPICAL TERM
Topical term or geographic name as entry element Grandfathers -- Fiction
650 ## - SUBJECT ADDED ENTRY--TOPICAL TERM
Topical term or geographic name as entry element Mountain life -- Switzeland -- Fiction
650 ## - SUBJECT ADDED ENTRY--TOPICAL TERM
Topical term or geographic name as entry element Switzerland -- Fiction
650 ## - SUBJECT ADDED ENTRY--TOPICAL TERM
Topical term or geographic name as entry element Orphans -- Fiction
Holdings
Withdrawn status Lost status Damaged status Use restrictions Home library Current library Shelving location Date acquired Source of acquisition Total Checkouts Full call number Barcode Date last seen Price effective from Koha item type
        Elizalde Library Elizalde Library Easy Reading Section 11/18/2000     ER He34 1984 E5194 04/12/2014 04/12/2014 Books

Heidi /

APA

Spyri J., . (1984). Heidi. [s.l.l]: Academic Ind., Inc.

Chicago

Spyri Johanna, . 1984. Heidi. [s.l.l]: Academic Ind., Inc.

Harvard

Spyri J., . (1984). Heidi. [s.l.l]: Academic Ind., Inc.

MLA

Spyri Johanna, . Heidi. [s.l.l]: Academic Ind., Inc. 1984.

  • Place hold
  • Print
  • Cite
  • Add to your cart (remove)
  • Save record
    BIBTEX Dublin Core MARCXML MARC (non-Unicode/MARC-8) MARC (Unicode/UTF-8) MARC (Unicode/UTF-8, Standard) MODS (XML) RIS
  • More searches
    Search for this title in:
    Other Libraries (WorldCat) Other Databases (Google Scholar) Online Stores (Bookfinder.com) Open Library (openlibrary.org)

Exporting to Dublin Core...

SOUTHVILLE LIBRARY

Southville International School and Colleges Library

1281 Tropical Ave. Cor. Luxembourg St., BF Homes International, Las Pinas City

Tel. No. 8256374 / 252358 Loc. 117/146

Powered by Koha